Statistics for Superbowl vs World Cup

Click here to take the quiz!

General Stats

  • This quiz has been taken 16 times
  • The average score is 8 of 20

Answer Stats

PercentageCountry% Correct
50%United States
100%
23%Canada
93%
13%Australia
71%
4%Mexico
71%
4%United Kingdom
71%
12%New Zealand
64%
3%Germany
50%
5%Ireland
50%
7%Sweden
36%
3%Austria
29%
4%Belgium
29%
5%Denmark
29%
3%Netherlands
29%
4%Norway
29%
25%Singapore
14%
3%South Africa
14%
3%Switzerland
14%
4%Malaysia
7%
15%Philippines
7%
3%United Arab Emirates
0%

Score Distribution

Percentile by Number Answered

Percent of People with Each Score

Your Score History

You have not taken this quiz